000
00320nam a2200109Ia 4500
008
171211s9999 xx 000 0 und d
245
4
_a
The Laboratory Guinea Pig, Second Edition (Volume 4)
245
_c
Donna J. Clemons
260
_c
2016
650
_x
ANIMALS
856
_u
http://down.ebook777.com/056/9781439835562.pdf
999
_c
348433
_d
348433